Zur Evaluation des Jugendvollzugs: Bremen - die ersten 100 Falldaten

Saved in:  
Bibliographic Details
Main Author: Matt, Eduard (Author)
Format: Print Article
Language:German
Published: 2016
In: Zeitschrift für Jugendkriminalrecht und Jugendhilfe
Year: 2016, Volume: 27, Issue: 2, Pages: 150-154
Check availability: HBZ Gateway
Keywords:

MARC

LEADER 00000naa a2200000 c 4500
001 1636440274
003 DE-627
005 20170201160236.0
007 tu
008 170201s2016 xx ||||| 00| ||ger c
035 |a (DE-627)1636440274 
035 |a (DE-576)483026964 
035 |a (DE-599)BSZ483026964 
040 |a DE-627  |b ger  |c DE-627  |e rda 
041 |a ger 
100 1 |a Matt, Eduard  |e VerfasserIn  |0 (DE-588)1022419331  |0 (DE-627)716967006  |0 (DE-576)171324668  |4 aut 
109 |a Matt, Eduard 
245 1 0 |a Zur Evaluation des Jugendvollzugs  |b Bremen - die ersten 100 Falldaten  |c Eduard Matt 
264 1 |c 2016 
336 |a Text  |b txt  |2 rdacontent 
337 |a ohne Hilfsmittel zu benutzen  |b n  |2 rdamedia 
338 |a Band  |b nc  |2 rdacarrier 
773 0 8 |i Enthalten in  |t Zeitschrift für Jugendkriminalrecht und Jugendhilfe  |d Hannover : DVJJ, 2003  |g 27(2016), 2, Seite 150-154  |w (DE-627)366922033  |w (DE-600)2114812-0  |w (DE-576)106575325  |x 1612-1864  |7 nnas 
773 1 8 |g volume:27  |g year:2016  |g number:2  |g pages:150-154 
951 |a AR 
ELC |b 1 
LOK |0 000 xxxxxcx a22 zn 4500 
LOK |0 001 3293820670 
LOK |0 003 DE-627 
LOK |0 004 1636440274 
LOK |0 005 20250822140930 
LOK |0 008 170201||||||||||||||||ger||||||| 
LOK |0 040   |a DE-21-110  |c DE-627  |d DE-21-110 
LOK |0 689   |a s  |a Evaluation 
LOK |0 689   |a s  |a Jugendvollzug 
LOK |0 689   |a s  |a Ausstieg aus Straffälligkeit 
LOK |0 689   |a s  |a Verlaufsforschung 
LOK |0 852   |a DE-21-110 
LOK |0 852 1  |m p  |9 00 
LOK |0 935   |a krub 
LOK |0 938   |k p 
LOK |0 939   |a 01-02-17  |b l01 
ORI |a SA-MARC-krimdoka001.raw